header

MCAD/MCSD (Record no. 94535)

MARC details
000 -LEADER
fixed length control field 01368nam a2200361Ia 4500
082 04 - DEWEY DECIMAL CLASSIFICATION NUMBER
Classification number 005.2/768
100 1# - MAIN ENTRY--AUTHOR NAME
Personal name Reisman, Brian.
245 10 - TITLE STATEMENT
Title MCAD/MCSD
260 ## - PUBLICATION, DISTRIBUTION, ETC. (IMPRINT)
Place of publication San Francisco :
Name of publisher Sybex,
Year of publication 2003.
300 ## - PHYSICAL DESCRIPTION
Number of Pages xlvi, 848 p. :
Other physical details ill.
500 ## - GENERAL NOTE
General note Includes index.
650 #0 - SUBJECT ADDED ENTRY--TOPICAL TERM
Topical Term Electronic data processing personnel
Topical Term Microsoft software
Topical Term Microsoft .NET.
700 1# - ADDED ENTRY--PERSONAL NAME
Personal name Ruebush, Mitch.
856 40 - ELECTRONIC LOCATION AND ACCESS
Uniform Resource Identifier http://site.ebrary.com/lib/rucke/Doc?id=10149962

No items available.

© 2026 Rongo University
Contact us: librarian | system librarian | Rongo university